[Event "Senior DM 2017 - 65+"]
[Site "Logumkloster"]
[Date "2017.02.14"]
[Round "3"]
[White "Johnsen, Oystein"]
[Black "Sorensen, Bent"]
[Result "0-1"]
[WhiteElo "1983"]
[BlackElo "2255"]
[PlyCount "68"]
[EventDate "2017.02.??"]
[EventType "swiss"]
[EventRounds "7"]
[EventCountry "DEN"]
[WhiteClock "0:09:22"]
[BlackClock "0:01:31"]

1. d4 d5 2. Bf4 e6 3. e3 Bd6 4. Bg3 Qe7 5. Nf3 Nd7 6. c3 c6 7. Ne5 Nh6 8. f4
O-O 9. Nd2 f6 10. Nxd7 Bxd7 11. Be2 e5 12. O-O Nf5 13. Bf2 exf4 14. exf4 Bxf4
15. Bd3 Qd6 16. Nf3 Rae8 17. Qc2 g6 18. Rae1 Be3 19. Kh1 Bxf2 20. Qxf2 Qf4 21.
g3 Qh6 22. g4 Nd6 23. Rxe8 Rxe8 24. g5 fxg5 25. Ne5 Bf5 26. Bxf5 gxf5 27. Rg1
Qf6 28. Qh4 h6 29. Qh5 Re7 30. Rf1 Kg7 31. Qh3 f4 32. Qh5 Nf7 33. Ng4 Qf5 34.
Nf2 Re3 0-1

[Event "Senior DM 2017 - 65+"]
[Site "Logumkloster"]
[Date "2017.02.14"]
[Round "3"]
[White "Rosenlund, Thorbjorn"]
[Black "Rendlev, Niels Moller"]
[Result "1-0"]
[WhiteElo "2264"]
[BlackElo "1800"]
[PlyCount "61"]
[EventDate "2017.02.??"]
[EventType "swiss"]
[EventRounds "7"]
[EventCountry "DEN"]
[WhiteClock "0:17:33"]
[BlackClock "0:07:16"]

1. g3 Nf6 2. Nf3 g6 3. b3 Bg7 4. Bb2 c5 5. c4 Nc6 6. Bg2 d6 7. O-O O-O 8. d4
cxd4 9. Nxd4 Nxd4 10. Qxd4 Nh5 11. Qd2 Bxb2 12. Qxb2 Rb8 13. Nc3 Bg4 14. Rfd1
Qc8 15. Nd5 Re8 16. Rd4 Ng7 17. Rc1 b6 18. Ne3 Bd7 19. Rd2 Bc6 20. Bd5 Bd7 21.
h4 Nh5 22. Bf3 Bc6 23. Bg4 Qb7 24. Bxh5 gxh5 25. Nd5 Qd7 26. Kh2 Qf5 27. f3 f6
28. Qd4 Bd7 29. Qf2 Kh8 30. Nf4 e5 31. e4 1-0

[Event "Senior DM 2017 - 65+"]
[Site "Logumkloster"]
[Date "2017.02.14"]
[Round "3"]
[White "Palm, Eivind"]
[Black "Fjordside, Arne Dan"]
[Result "0-1"]
[WhiteElo "1848"]
[BlackElo "1926"]
[PlyCount "48"]
[EventDate "2017.02.??"]
[EventType "swiss"]
[EventRounds "7"]
[EventCountry "DEN"]
[WhiteClock "0:22:14"]
[BlackClock "1:02:02"]

1. d4 Nf6 2. c4 e6 3. g3 d5 4. Bg2 Be7 5. Nf3 O-O 6. O-O c6 7. Qc2 Nbd7 8. cxd5
exd5 9. Rd1 Re8 10. Nbd2 Bd6 11. e3 Nf8 12. a3 Bg4 13. b4 a6 14. Bb2 Qe7 15.
Re1 Ng6 16. Nb3 Ne4 17. Nc5 Bf5 18. Qd1 Bg4 19. Qc1 Bf5 20. Nd2 Ng5 21. e4 Nh3+
22. Kf1 Bg4 23. e5 Ngf4 24. exd6 Be2+ 0-1

[Event "Senior DM 2017 - 65+"]
[Site "Logumkloster"]
[Date "2017.02.14"]
[Round "3"]
[White "Haugaard, Thomas"]
[Black "Stald, Flemming"]
[Result "1/2-1/2"]
[WhiteElo "1687"]
[BlackElo "1945"]
[PlyCount "66"]
[EventDate "2017.02.??"]
[EventType "swiss"]
[EventRounds "7"]
[EventCountry "DEN"]
[WhiteClock "0:17:23"]
[BlackClock "0:26:35"]

1. d4 Nf6 2. c4 e6 3. Nf3 d5 4. Nc3 Nbd7 5. Bg5 c6 6. e3 Be7 7. Rc1 O-O 8. Bd3
dxc4 9. Bxc4 h6 10. Bh4 Re8 11. O-O Nf8 12. Ne5 Nd5 13. Bxe7 Qxe7 14. Nxd5 exd5
15. Bd3 Nd7 16. Nxd7 Bxd7 17. a3 f5 18. Qf3 Rf8 19. b4 Qd6 20. Rc3 a6 21. Rfc1
Rae8 22. Qf4 Qe7 23. g3 Rc8 24. h4 g5 25. hxg5 hxg5 26. Qf3 Kg7 27. Kf1 Qf7 28.
Ke2 Rh8 29. Rh1 Rxh1 30. Qxh1 Rh8 31. Qf3 Rh2 32. Rc1 Qh5 33. Qxh5 Rxh5 1/2-1/2

[Event "Senior DM 2017 - 65+"]
[Site "Logumkloster"]
[Date "2017.02.14"]
[Round "3"]
[White "Mortensen, Steen Juul"]
[Black "Baagoe, Hans Chr"]
[Result "1-0"]
[WhiteElo "1920"]
[BlackElo "1566"]
[PlyCount "45"]
[EventDate "2017.02.??"]
[EventType "swiss"]
[EventRounds "7"]
[EventCountry "DEN"]
[WhiteClock "0:37:42"]
[BlackClock "0:53:46"]

1. d4 d5 2. Nf3 Nc6 3. c4 h6 4. Nc3 Nf6 5. cxd5 Nxd5 6. e4 Nxc3 7. bxc3 a6 8.
h3 e6 9. a4 Be7 10. Bd3 O-O 11. O-O b6 12. Qe2 Bb7 13. Bf4 Bg5 14. Nxg5 hxg5
15. Be3 g6 16. Qg4 f5 17. exf5 Ne5 18. dxe5 Qxd3 19. f6 Qd5 20. Qxg5 Kf7 21.
Rfd1 Qc6 22. Rd4 Rh8 23. Rad1 1-0

[Event "Senior DM 2017 - 65+"]
[Site "Logumkloster"]
[Date "2017.02.14"]
[Round "3"]
[White "Hartung Nielsen, Jens"]
[Black "Hvenekilde, Jorgen"]
[Result "1/2-1/2"]
[WhiteElo "2174"]
[BlackElo "2092"]
[PlyCount "74"]
[EventDate "2017.02.??"]
[EventType "swiss"]
[EventRounds "7"]
[EventCountry "DEN"]
[WhiteClock "0:07:59"]
[BlackClock "0:15:46"]

1. d4 d6 2. e4 e5 3. Nf3 Nd7 4. Bc4 Be7 5. dxe5 Nxe5 6. Nxe5 dxe5 7. Qh5 g6 8.
Qxe5 f6 9. Qb5+ Kf8 10. O-O Kg7 11. Bb3 h5 12. Nc3 c6 13. Qc4 Nh6 14. a4 Rf8
15. a5 Bd7 16. Rd1 Qc8 17. Bf4 Be8 18. Qe6 Qxe6 19. Bxe6 Nf7 20. Bc7 Ng5 21.
Bc4 Bb4 22. f3 Bf7 23. Rd7 Kg8 24. Bxf7+ Rxf7 25. Rad1 Ne6 26. Rxf7 Kxf7 27.
Rd7+ Ke8 28. Rh7 Rc8 29. Bg3 Bxa5 30. Rxb7 Rd8 31. Kf1 Bxc3 32. bxc3 Rd7 33.
Rb8+ Rd8 34. Rb7 Rd7 35. Rb8+ Rd8 36. Rb7 Rd7 37. Rb8+ Rd8 1/2-1/2

[Event "Senior DM 2017 - 65+"]
[Site "Logumkloster"]
[Date "2017.02.14"]
[Round "3"]
[White "Larsen, Arne Walther"]
[Black "Norregaard, Claus"]
[Result "1/2-1/2"]
[WhiteElo "1759"]
[BlackElo "2003"]
[PlyCount "138"]
[EventDate "2017.02.??"]
[EventType "swiss"]
[EventRounds "7"]
[EventCountry "DEN"]
[WhiteClock "0:12:43"]
[BlackClock "0:41:04"]

1. c4 Nf6 2. g3 c5 3. Bg2 Nc6 4. Nc3 g6 5. Nf3 Bg7 6. d4 cxd4 7. Nxd4 O-O 8.
O-O Nxd4 9. Qxd4 d6 10. e4 Ng4 11. Qd3 Ne5 12. Qe2 Bg4 13. f3 Be6 14. Nd5 Rc8
15. Bg5 Re8 16. Rac1 Nc6 17. Be3 Bd7 18. b3 Qa5 19. Kh1 Ne5 20. f4 Ng4 21. Bg1
Nf6 22. b4 Qa4 23. Qc2 Qxc2 24. Rxc2 Nxd5 25. exd5 Bf5 26. Rcc1 Bb2 27. c5 Bxc1
28. Rxc1 Rc7 29. c6 b6 30. a4 e6 31. dxe6 Rxe6 32. b5 Be4 33. a5 Bxg2+ 34. Kxg2
Re2+ 35. Kf3 Rb2 36. Bxb6 Rc8 37. Bxa7 Rxb5 38. c7 Rxa5 39. Bb8 Kf8 40. Re1 Rc5
41. g4 Rc3+ 42. Kg2 h6 43. h4 R8xc7 44. Bxc7 Rxc7 45. Kf3 Re7 46. Rd1 Rd7 47.
f5 gxf5 48. gxf5 Ke7 49. Kg4 Kf6 50. Rd5 Ke7 51. Kh5 Rc7 52. Kxh6 Rc5 53. Rxc5
dxc5 54. Kg7 c4 55. f6+ Ke6 56. h5 c3 57. h6 c2 58. h7 c1=Q 59. h8=Q Qg5+ 60.
Kf8 Qc5+ 61. Kg7 Qg5+ 62. Kf8 Qxf6 63. Qh3+ Ke5 64. Qh5+ Ke6 65. Qh3+ Kd6 66.
Qa3+ Ke5 67. Qc5+ Kf4 68. Qc4+ Kg5 69. Qxf7 Qxf7+ 1/2-1/2

[Event "Senior DM 2017 - 65+"]
[Site "Logumkloster"]
[Date "2017.02.15"]
[Round "4"]
[White "Jensen, Ole Yde"]
[Black "Andersson, Finn"]
[Result "1-0"]
[WhiteElo "1619"]
[BlackElo "1780"]
[PlyCount "51"]
[EventDate "2017.02.??"]
[EventType "swiss"]
[EventRounds "7"]
[EventCountry "DEN"]

1. f4 c5 2. Nf3 Nc6 3. e3 Nf6 4. d3 d5 5. Be2 g6 6. O-O Bg7 7. Qe1 O-O 8. Ne5
Nxe5 9. fxe5 Nd7 10. d4 Qc7 11. c3 f6 12. exf6 Nxf6 13. Nd2 c4 14. Qh4 Be6 15.
e4 Qc6 16. e5 Nd7 17. Nf3 Kh8 18. Bh6 Rae8 19. Ng5 Bg8 20. Bg4 Rxf1+ 21. Rxf1
Rf8 22. Bxg7+ Kxg7 23. Ne6+ Bxe6 24. Qxe7+ Rf7 25. Rxf7+ Bxf7 26. e6 1-0

[Event "Senior DM 2017 - 65+"]
[Site "Logumkloster"]
[Date "2017.02.15"]
[Round "4"]
[White "Jensen, Scot Wolfgang"]
[Black "Madsen, Nis H"]
[Result "1-0"]
[WhiteElo "1691"]
[BlackElo "1580"]
[PlyCount "111"]
[EventDate "2017.02.??"]
[EventType "swiss"]
[EventRounds "7"]
[EventCountry "DEN"]

1. e4 e5 2. Nc3 Bc5 3. Bc4 Nf6 4. d3 c6 5. Qf3 d6 6. h3 O-O 7. Bg5 Nbd7 8. a3
b5 9. Ba2 h6 10. Bd2 b4 11. axb4 Bxb4 12. Nge2 a5 13. Qg3 Kh8 14. f4 Nh5 15.
Qf3 Nxf4 16. Nxf4 exf4 17. Qxf4 Qf6 18. O-O Qxf4 19. Rxf4 Ne5 20. d4 Ng6 21.
Rxf7 Ba6 22. Be6 Nh4 23. Be1 Ng6 24. Na4 Bxe1 25. Rxe1 Rxf7 26. Bxf7 Nf4 27.
Re3 Ne2+ 28. Kh2 Nxd4 29. c3 Nb5 30. e5 dxe5 31. Rxe5 Rf8 32. Bg6 Nc7 33. Rxa5
Rb8 34. Rc5 Bb5 35. b3 Ne6 36. Re5 Nf4 37. Bc2 Kg8 38. Nc5 Bf1 39. Be4 Ne2 40.
c4 Nd4 41. Re7 Nxb3 42. Nxb3 Rxb3 43. Bg6 Rb8 44. c5 Kf8 45. Rc7 Bb5 46. Be4 g5
47. Bxc6 Bxc6 48. Rxc6 h5 49. Rd6 h4 50. Kg1 Kf7 51. Kf2 Ke7 52. Rd5 Kf6 53.
Kf3 Ke6 54. Rxg5 Rf8+ 55. Kg4 Rf2 56. Kxh4 1-0

[Event "Senior DM 2017 - 65+"]
[Site "Logumkloster"]
[Date "2017.02.15"]
[Round "4"]
[White "Norregaard, Claus"]
[Black "Haugaard, Thomas"]
[Result "1-0"]
[WhiteElo "2003"]
[BlackElo "1687"]
[PlyCount "95"]
[EventDate "2017.02.??"]
[EventType "swiss"]
[EventRounds "7"]
[EventCountry "DEN"]
[WhiteClock "0:30:44"]
[BlackClock "0:14:26"]

1. d4 Nf6 2. c4 c5 3. d5 b5 4. Qc2 d6 5. e4 g6 6. cxb5 a6 7. b6 Qxb6 8. Na3
Nbd7 9. Nc4 Qc7 10. Bd2 Bg7 11. Nf3 O-O 12. Bc3 Bb7 13. Be2 e6 14. e5 Nxd5 15.
exd6 Bxc3+ 16. bxc3 Qd8 17. Qd2 N7f6 18. Bd3 Ne8 19. O-O Nxd6 20. Nxd6 Qxd6 21.
Be4 Qc7 22. c4 Nb6 23. Bxb7 Qxb7 24. Rab1 Qc7 25. Qh6 f6 26. Qh3 Rae8 27. Rfe1
e5 28. Red1 Rf7 29. Nd2 Nc8 30. Ne4 f5 31. Nc3 Ne7 32. Qd3 Nc6 33. Qd6 Nd4 34.
Qxa6 Re6 35. Qa8+ Rf8 36. Nd5 Qc6 37. Qxc6 Nxc6 38. Rb5 Ra8 39. Rxc5 Ra7 40. a4
Nd4 41. Nc3 Rb7 42. a5 Rd7 43. Kf1 Ra7 44. Rb1 e4 45. Nb5 Nxb5 46. cxb5 Rxa5
47. Rc8+ Kf7 48. b6 1-0

[Event "Senior DM 2017 - 65+"]
[Site "Logumkloster"]
[Date "2017.02.15"]
[Round "4"]
[White "Rasmussen, Knud Aage"]
[Black "Palm, Eivind"]
[Result "1-0"]
[WhiteElo "1795"]
[BlackElo "1848"]
[PlyCount "121"]
[EventDate "2017.02.??"]
[EventType "swiss"]
[EventRounds "7"]
[EventCountry "DEN"]

1. c4 e5 2. Nc3 Nf6 3. g3 d5 4. cxd5 Nxd5 5. Bg2 Be6 6. Nf3 Nxc3 7. bxc3 Nd7 8.
O-O c5 9. d4 cxd4 10. cxd4 f6 11. dxe5 fxe5 12. Qa4 Qf6 13. Bb2 b5 14. Qe4 Rc8
15. Bxe5 Nxe5 16. Qxe5 Qxe5 17. Nxe5 Bd6 18. Nc6 a6 19. Nd4 Bc4 20. Bc6+ Kf7
21. Bb7 Rb8 22. Bf3 Rb6 23. Rfd1 Ba3 24. Nc2 Bb2 25. Rab1 Bc3 26. Nb4 Bxb4 27.
Rxb4 Bxa2 28. Rd7+ Ke8 29. Rxg7 Bc4 30. Rb2 Rf8 31. Rxh7 Rff6 32. Ra7 Rfd6 33.
h4 b4 34. Rc7 Be6 35. Ra7 b3 36. h5 Bd7 37. g4 Rd1+ 38. Kg2 Rc1 39. g5 Rc2 40.
Rb1 b2 41. h6 Bf5 42. Bh5+ Kf8 43. Rf7+ Kg8 44. Rxf5 Rc1 45. Rxb2 Rxb2 46. g6
Rc8 47. g7 Kh7 48. Bf7 Rbb8 49. g8=Q+ Rxg8+ 50. Bxg8+ Rxg8+ 51. Kf3 Kxh6 52.
Rf6+ Rg6 53. Rxg6+ Kxg6 54. Ke3 Kf5 55. Kd4 Ke6 56. e4 a5 57. Kc5 Ke5 58. f3 a4
59. Kb4 Kf4 60. Kxa4 Kxf3 61. e5 1-0

[Event "Senior DM 2017 - 65+"]
[Site "Logumkloster"]
[Date "2017.02.15"]
[Round "4"]
[White "Bjerre, Per"]
[Black "Baagoe, Hans Chr"]
[Result "1/2-1/2"]
[WhiteElo "1628"]
[BlackElo "1566"]
[PlyCount "122"]
[EventDate "2017.02.??"]
[EventType "swiss"]
[EventRounds "7"]
[EventCountry "DEN"]

1. e4 c5 2. Nf3 Nc6 3. d4 cxd4 4. Nxd4 e5 5. Nxc6 bxc6 6. Bc4 Nf6 7. Qe2 Be7 8.
Nc3 O-O 9. O-O d6 10. h3 Bb7 11. a3 Qc7 12. b4 d5 13. Bb3 d4 14. Na4 a5 15. Bd2
Ba6 16. Bc4 Bxc4 17. Qxc4 Nxe4 18. Qd3 Nxd2 19. Qxd2 Rfb8 20. c3 axb4 21. axb4
dxc3 22. Nxc3 Rxa1 23. Rxa1 h6 24. Qc2 Qb7 25. Qe4 Bf6 26. Rb1 g6 27. b5 c5 28.
Nd5 Bg7 29. b6 Kh8 30. Ra1 Ra8 31. Rxa8+ Qxa8 32. Qc4 e4 33. Nc7 Qa1+ 34. Qf1
Qxf1+ 35. Kxf1 Be5 36. Na6 c4 37. Ke2 f5 38. b7 c3 39. b8=Q+ Bxb8 40. Nxb8 g5
41. Nc6 Kg7 42. Nd4 Kf6 43. g3 h5 44. f4 exf3+ 45. Kxf3 Ke5 46. Nc2 g4+ 47.
hxg4 fxg4+ 48. Ke2 Ke4 49. Ne1 Kd4 50. Ng2 Ke4 51. Nh4 Kd4 52. Kd1 Kd3 53. Kc1
Ke3 54. Kc2 Kf2 55. Nf5 Kf3 56. Kxc3 h4 57. gxh4 Kf4 58. Ng3 Kxg3 59. h5 Kf2
60. h6 g3 61. h7 g2 1/2-1/2

[Event "Senior DM 2017 - 65+"]
[Site "Logumkloster"]
[Date "2017.02.15"]
[Round "4"]
[White "Jensen, Hans Askov"]
[Black "Kristensen, Karl Martin"]
[Result "1/2-1/2"]
[WhiteElo "1540"]
[BlackElo "1557"]
[PlyCount "49"]
[EventDate "2017.02.??"]
[EventType "swiss"]
[EventRounds "7"]
[EventCountry "DEN"]

1. e4 e5 2. Nf3 Nc6 3. Bb5 Bc5 4. c3 Nf6 5. O-O Nxe4 6. d4 Bb6 7. Nxe5 Nxe5 8.
Re1 Qh4 9. g3 Qg4 10. Be2 Qf5 11. Bf4 d6 12. f3 Nf6 13. Kg2 Qh3+ 14. Kh1 O-O
15. dxe5 dxe5 16. Bxe5 a6 17. Nd2 Be6 18. Nc4 Rad8 19. Qc1 Rd5 20. Bf1 Qf5 21.
Bg2 Qd3 22. Nxb6 cxb6 23. Qf4 Qd2 24. Bf1 Qxf4 25. Bxf4 1/2-1/2

[Event "Senior DM 2017 - 65+"]
[Site "Logumkloster"]
[Date "2017.02.15"]
[Round "4"]
[White "Bucka Lassen, Edlef"]
[Black "Larsen, Alex"]
[Result "1-0"]
[WhiteElo "1594"]
[BlackElo "1459"]
[PlyCount "93"]
[EventDate "2017.02.??"]
[EventType "swiss"]
[EventRounds "7"]
[EventCountry "DEN"]

1. c4 c5 2. Nf3 Nc6 3. g3 e6 4. Nc3 Nf6 5. Bg2 d6 6. d4 cxd4 7. Nxd4 Nxd4 8.
Qxd4 e5 9. Qd2 Be7 10. O-O Qc7 11. b3 Be6 12. f4 Ng4 13. e3 d5 14. Nxd5 Bxd5
15. Bxd5 Nxe3 16. Rf3 Nxd5 17. Qxd5 Rd8 18. Qb5+ Kf8 19. Be3 e4 20. Rf2 Bf6 21.
Qc5+ Qxc5 22. Bxc5+ Be7 23. Bxa7 f5 24. Kf1 Kf7 25. Ke2 Bb4 26. Rd1 Ra8 27.
Rd7+ Ke6 28. Rxb7 Bc3 29. Kd1 Rad8+ 30. Kc2 Bf6 31. Rd2 Rxd2+ 32. Kxd2 Kd6 33.
a4 Kc6 34. Rf7 Rd8+ 35. Ke2 Rd3 36. b4 Ra3 37. b5+ Kd6 38. b6 Ra2+ 39. Kd1 e3
40. c5+ Ke6 41. Rxf6+ gxf6 42. b7 Rd2+ 43. Ke1 Rd8 44. b8=Q Rxb8 45. Bxb8 Kd7
46. Ke2 Kc6 47. Bd6 1-0

[Event "Senior DM 2017 - 65+"]
[Site "Logumkloster"]
[Date "2017.02.15"]
[Round "4"]
[White "Hansen, Uwe"]
[Black "Christiansen, Niels Jorgen"]
[Result "1/2-1/2"]
[WhiteElo "1412"]
[BlackElo "1645"]
[PlyCount "70"]
[EventDate "2017.02.??"]
[EventType "swiss"]
[EventRounds "7"]
[EventCountry "DEN"]

1. e4 e5 2. Nf3 Nc6 3. Bc4 Nf6 4. d3 Be7 5. c3 O-O 6. b4 a6 7. a4 b6 8. Bb2 Bb7
9. Nbd2 d5 10. exd5 Nxd5 11. Ne4 h6 12. O-O Nf6 13. Re1 Nxe4 14. Rxe4 Bf6 15.
Re2 Re8 16. Qc2 Nb8 17. Nd2 Bd5 18. Bxd5 Qxd5 19. c4 Qd8 20. Rae1 Nc6 21. Qb3
Nd4 22. Bxd4 Qxd4 23. Nf3 Qd7 24. Nxe5 Bxe5 25. Rxe5 Rxe5 26. Rxe5 Qd4 27. Re1
Rd8 28. Rd1 Re8 29. Qc2 Qg4 30. Kf1 Qf4 31. Kg1 Qg4 32. h3 Qd4 33. Kf1 Qf4 34.
Re1 Rxe1+ 35. Kxe1 Qh2 1/2-1/2

[Event "Senior DM 2017 - 65+"]
[Site "Logumkloster"]
[Date "2017.02.15"]
[Round "4"]
[White "Olesen, Poul Erik Norgaard"]
[Black "Rasmussen, Jens"]
[Result "1-0"]
[WhiteElo "2030"]
[BlackElo "1720"]
[PlyCount "69"]
[EventDate "2017.02.??"]
[EventType "swiss"]
[EventRounds "7"]
[EventCountry "DEN"]
[WhiteClock "0:16:24"]
[BlackClock "0:12:29"]

1. e4 c5 2. Nf3 d6 3. d4 cxd4 4. Nxd4 Nf6 5. Nc3 a6 6. a4 e5 7. Nb3 Be6 8. Be2
Nbd7 9. Be3 Rc8 10. O-O Be7 11. f4 O-O 12. f5 Bc4 13. a5 Bxe2 14. Qxe2 Rxc3 15.
bxc3 Nxe4 16. c4 Nec5 17. Rfd1 Qc7 18. g4 h6 19. Qg2 Qc6 20. Nxc5 Qxg2+ 21.
Kxg2 Nxc5 22. Bxc5 dxc5 23. Rd7 Bf6 24. Rb1 Bd8 25. Rbxb7 Bxa5 26. Ra7 Bc3 27.
Kf3 a5 28. Ke4 Kh8 29. Rxf7 Rd8 30. Rfd7 Rb8 31. Rxg7 Rb4 32. Rh7+ Kg8 33. f6
Rxc4+ 34. Kd3 Rf4 35. Rag7+ 1-0

[Event "Senior DM 2017 - 65+"]
[Site "Logumkloster"]
[Date "2017.02.15"]
[Round "4"]
[White "Rendlev, Niels Moller"]
[Black "Johnsen, Oystein"]
[Result "1-0"]
[WhiteElo "1800"]
[BlackElo "1983"]
[PlyCount "151"]
[EventDate "2017.02.??"]
[EventType "swiss"]
[EventRounds "7"]
[EventCountry "DEN"]
[WhiteClock "0:05:50"]
[BlackClock "0:03:05"]

1. Nf3 d5 2. g3 Nf6 3. Bg2 c6 4. d4 Bf5 5. O-O h6 6. c4 e6 7. b3 Be7 8. Bb2 O-O
9. Nc3 Bh7 10. Rc1 a6 11. e3 Nbd7 12. Qe2 Qc7 13. Nd2 Rad8 14. cxd5 exd5 15.
Nxd5 Nxd5 16. Bxd5 Qa5 17. Be4 f5 18. Bb1 Bf6 19. Nc4 Qd5 20. Bd3 b5 21. Rfd1
Rfe8 22. Ne5 Bxe5 23. dxe5 Qe6 24. f4 Kh8 25. Ba3 Nb6 26. Bd6 Rc8 27. e4 fxe4
28. Bxe4 Bxe4 29. Qxe4 Nd5 30. Qf3 g6 31. Kg2 Red8 32. Re1 h5 33. h3 Kg7 34.
Re2 b4 35. Rc4 a5 36. Kh2 Nc3 37. Rxc6 Qf5 38. Rxc8 Rxc8 39. Qb7+ Kh6 40. Rg2
Nd1 41. Be7 g5 42. Bxg5+ Kg6 43. Qa6+ Kh7 44. Qb7+ Kg6 45. Qb6+ Kh7 46. Rd2 Rc2
47. Qb7+ Kg6 48. Qb6+ Kh7 49. Qd8 Ne3 50. Qe7+ Kg8 51. Qe8+ Kh7 52. Qxh5+ Kg8
53. Qe8+ Kh7 54. Qe7+ Kg8 55. Qd8+ Kh7 56. Kg1 Rxd2 57. Qxd2 Qb1+ 58. Kf2 Nd1+
59. Kf3 Nc3 60. Qd7+ Kg8 61. Bf6 Qe4+ 62. Kg4 Qg6+ 63. Bg5 Ne4 64. Qd8+ Kh7 65.
Qd7+ Kg8 66. Qd5+ Kh7 67. Kf3 Nxg5+ 68. fxg5 Qf5+ 69. Ke3 Qxg5+ 70. Ke4 Qg6+
71. Kd4 Qb6+ 72. Qc5 Qd8+ 73. Qd5 Qc8 74. e6 Qc3+ 75. Ke4 Qe1+ 76. Kf4 1-0

[Event "Senior DM 2017 - 65+"]
[Site "Logumkloster"]
[Date "2017.02.15"]
[Round "4"]
[White "Grabow, Pouelsten Holm"]
[Black "Hartung Nielsen, Jens"]
[Result "1/2-1/2"]
[WhiteElo "2123"]
[BlackElo "2174"]
[PlyCount "31"]
[EventDate "2017.02.??"]
[EventType "swiss"]
[EventRounds "7"]
[EventCountry "DEN"]
[WhiteClock "1:07:19"]
[BlackClock "1:04:50"]

1. Nf3 c5 2. b3 Nc6 3. Bb2 d5 4. e3 a6 5. d4 Nf6 6. Be2 e6 7. O-O cxd4 8. Nxd4
Bd6 9. Nd2 e5 10. Nxc6 bxc6 11. c4 O-O 12. Qc2 Qe7 13. Rfd1 a5 14. Rac1 Bb7 15.
Nf1 Nd7 16. Qf5 1/2-1/2

[Event "Senior DM 2017 - 65+"]
[Site "Logumkloster"]
[Date "2017.02.15"]
[Round "4"]
[White "Fjordside, Arne Dan"]
[Black "Nielsen, Aage Sondergaard"]
[Result "0-1"]
[WhiteElo "1926"]
[BlackElo "1935"]
[PlyCount "132"]
[EventDate "2017.02.??"]
[EventType "swiss"]
[EventRounds "7"]
[EventCountry "DEN"]
[WhiteClock "0:11:07"]
[BlackClock "0:26:05"]

1. d4 d5 2. Nf3 c6 3. c3 Bg4 4. Ne5 Bf5 5. Bf4 Nf6 6. h3 h5 7. e3 e6 8. Qb3 Qb6
9. Nd2 Nbd7 10. Be2 Nxe5 11. Bxe5 Nd7 12. Bf4 h4 13. Nf3 f6 14. Nd2 e5 15. Bh2
Be6 16. Qc2 e4 17. O-O f5 18. c4 Nf6 19. cxd5 Nxd5 20. a3 Qd8 21. Nc4 Rc8 22.
b4 Be7 23. Ne5 Bd6 24. Rfc1 Qg5 25. Kh1 Rh6 26. Nc4 Bxh2 27. Kxh2 Ke7 28. Ne5
Kf8 29. Qc5+ Kg8 30. Qxa7 Nxe3 31. fxe3 Qxe3 32. Bc4 Re8 33. Bxe6+ Rhxe6 34.
Qc5 f4 35. Qc3 Qg3+ 36. Qxg3 fxg3+ 37. Kg1 Rd6 38. Ng4 e3 39. Ne5 Rxd4 40. Nf3
Rde4 41. Kf1 Rf4 42. Ke2 Rfe4 43. Rd1 Rf8 44. Rd3 Rc4 45. Kxe3 Rc2 46. Rd2 Rc3+
47. Ke2 g5 48. Nxg5 Rf2+ 49. Kd1 Rf1+ 50. Ke2 Rxa1 51. Nf3 Raxa3 52. Nxh4 Re3+
53. Kd1 Ra1+ 54. Kc2 Ra2+ 55. Kd1 Rxd2+ 56. Kxd2 Rb3 57. Ke2 Rxb4 58. Nf5 Rb3
59. Nd4 Ra3 60. Ne6 Kh7 61. Nd8 Rb3 62. Ne6 b5 63. Nd4 Rb2+ 64. Kf3 c5 65. Ne6
c4 66. Kxg3 c3 0-1

[Event "Senior DM 2017 - 65+"]
[Site "Logumkloster"]
[Date "2017.02.15"]
[Round "4"]
[White "Hvenekilde, Jorgen"]
[Black "Larsen, Arne Walther"]
[Result "1/2-1/2"]
[WhiteElo "2092"]
[BlackElo "1759"]
[PlyCount "57"]
[EventDate "2017.02.??"]
[EventType "swiss"]
[EventRounds "7"]
[EventCountry "DEN"]
[WhiteClock "0:42:27"]
[BlackClock "0:12:39"]

1. e4 g6 2. d4 Bg7 3. Nf3 d6 4. Nc3 Nf6 5. h3 O-O 6. Be3 c6 7. Qd2 b5 8. Bd3
Nbd7 9. O-O Bb7 10. Rfe1 Qc7 11. Bh6 a6 12. Bxg7 Kxg7 13. Ne2 c5 14. Ng3 cxd4
15. Nxd4 e5 16. Nb3 Nc5 17. Na5 Ne6 18. a4 bxa4 19. Rxa4 Nf4 20. Nxb7 Qxb7 21.
b3 Nd7 22. Bf1 Nc5 23. Rc4 Qe7 24. Ne2 Nce6 25. Nxf4 Nxf4 26. Rd1 Rfd8 27. Qc3
Ne6 28. Qe3 Nd4 29. Bd3 1/2-1/2

[Event "Senior DM 2017 - 65+"]
[Site "Logumkloster"]
[Date "2017.02.15"]
[Round "4"]
[White "Moestrup, Jorn"]
[Black "Larsen, Torben"]
[Result "1-0"]
[WhiteElo "2037"]
[BlackElo "1658"]
[PlyCount "39"]
[EventDate "2017.02.??"]
[EventType "swiss"]
[EventRounds "7"]
[EventCountry "DEN"]
[WhiteClock "1:14:01"]
[BlackClock "1:19:59"]

1. Nf3 g6 2. c4 c5 3. d4 cxd4 4. Nxd4 Bg7 5. e4 Nc6 6. Be3 d6 7. Nc3 Nf6 8. Be2
O-O 9. O-O Bd7 10. Qd2 Re8 11. Nxc6 bxc6 12. f3 Qc7 13. Rac1 Rab8 14. b3 Be6
15. f4 Ng4 16. Bxg4 Bxg4 17. f5 gxf5 18. exf5 f6 19. Qd4 Qb6 20. Qf4 1-0

[Event "Senior DM 2017 - 65+"]
[Site "Logumkloster"]
[Date "2017.02.15"]
[Round "4"]
[White "Stald, Flemming"]
[Black "Hansen, Ib Lynaes"]
[Result "1/2-1/2"]
[WhiteElo "1945"]
[BlackElo "1787"]
[PlyCount "95"]
[EventDate "2017.02.??"]
[EventType "swiss"]
[EventRounds "7"]
[EventCountry "DEN"]
[WhiteClock "0:28:32"]
[BlackClock "0:32:46"]

1. d4 Nf6 2. Bf4 g6 3. e3 Bg7 4. Nf3 d6 5. Bd3 c6 6. Nbd2 a5 7. a4 Na6 8. c3
O-O 9. h3 Nd7 10. Nc4 Nc7 11. O-O b5 12. axb5 cxb5 13. Nxa5 Nd5 14. Nb3 Rxa1
15. Qxa1 Nxf4 16. exf4 Qb6 17. Qa5 b4 18. c4 Bb7 19. Qxb6 Nxb6 20. Nbd2 Rc8 21.
b3 Nd7 22. Re1 Kf8 23. f5 Ra8 24. fxg6 hxg6 25. Bb1 Bh6 26. Rd1 Ra3 27. Bc2 f5
28. Kf1 Kf7 29. Ne1 Bg7 30. Ndf3 Ra2 31. Ke2 Bh6 32. h4 Nf6 33. Nd2 Bxg2 34.
Bb1 Rxd2+ 35. Rxd2 Bxd2 36. Kxd2 Be4 37. Bd3 e5 38. dxe5 dxe5 39. Nc2 Bxd3 40.
Kxd3 Ne4 41. Ke3 Nc5 42. Nxb4 Nxb3 43. Nd3 Ke6 44. f4 exf4+ 45. Kxf4 Kf6 46. c5
Nd4 47. Ke3 Nc6 48. Kf4 1/2-1/2

[Event "Senior DM 2017 - 65+"]
[Site "Logumkloster"]
[Date "2017.02.15"]
[Round "4"]
[White "Hardlei, Kim"]
[Black "Strachan, Christian C"]
[Result "1-0"]
[WhiteElo "1811"]
[BlackElo "1948"]
[PlyCount "83"]
[EventDate "2017.02.??"]
[EventType "swiss"]
[EventRounds "7"]
[EventCountry "DEN"]
[WhiteClock "0:01:00"]
[BlackClock "0:07:40"]

1. c4 c6 2. Nc3 d5 3. cxd5 cxd5 4. d4 Nf6 5. Qb3 Nc6 6. Nf3 e6 7. Bg5 Be7 8. e3
O-O 9. Bd3 Nd7 10. Bxe7 Qxe7 11. O-O Nb6 12. Rac1 f5 13. a3 Bd7 14. Bb5 Rfc8
15. Qa2 a6 16. Bd3 Na5 17. Ne5 Be8 18. b3 Rc7 19. Rc2 Rac8 20. Rfc1 g6 21. h3
Kg7 22. Be2 Nd7 23. Nxd7 Qxd7 24. Na4 Qd6 25. Nc5 Nc6 26. b4 Kf7 27. Qb2 Qe7
28. Nxa6 bxa6 29. Bxa6 Rb8 30. b5 Ra7 31. Rxc6 Bxc6 32. Rxc6 Qd7 33. Qc3 Kf6
34. a4 Qd8 35. Bc8 Rxa4 36. Bxe6 Kg5 37. Qb3 Qa5 38. Qxd5 Qe1+ 39. Kh2 Qxf2 40.
Qe5 Ra2 41. Bxa2 Qxa2 42. Qxb8 1-0

[Event "Senior DM 2017 - 65+"]
[Site "Logumkloster"]
[Date "2017.02.16"]
[Round "5"]
[White "Haugaard, Thomas"]
[Black "Bucka Lassen, Edlef"]
[Result "1-0"]
[WhiteElo "1687"]
[BlackElo "1594"]
[PlyCount "31"]
[EventDate "2017.02.??"]
[EventType "swiss"]
[EventRounds "7"]
[EventCountry "DEN"]
[WhiteClock "0:44:33"]
[BlackClock "0:52:36"]

1. d4 d5 2. c4 Nf6 3. cxd5 Nxd5 4. e4 Nf6 5. Nc3 e6 6. Nf3 Be7 7. Qb3 O-O 8.
Bf4 b6 9. Bd3 Bb7 10. Rd1 c5 11. Bb1 Qc8 12. O-O Nbd7 13. Qc2 cxd4 14. e5 Bxf3
15. gxf3 Nh5 16. Qxh7# 1-0